000 00518nam a2200205Ia 4500
005 20240823013147.0
008 240823s9999||||xx |||||||||||||| ||und||
020 _a0-07-463529-8
041 _aENGLISH
082 _A006.3 P1
100 _aBose N K
245 0 _a"Neural Network Fundamentals with Graphs,Algorithms and Applications"
250 _a1st
260 _c2003
_bTMH New D
500 _aTRANSFERED
650 _aNeural
_bComputer Applications
700 _a Liang P
942 _cBK
999 _c166465
_d166465